<?xml version="1.0" encoding="UTF-8"?>
<record
    xmlns:xsi="http://www.w3.org/2001/XMLSchema-instance"
    xsi:schemaLocation="http://www.loc.gov/MARC21/slim http://www.loc.gov/standards/marcxml/schema/MARC21slim.xsd"
    xmlns="http://www.loc.gov/MARC21/slim">

  <leader>02033cam a22003491  4500</leader>
  <controlfield tag="001">gs 40000271 </controlfield>
  <controlfield tag="003">DLC</controlfield>
  <controlfield tag="005">20260227111345.0</controlfield>
  <controlfield tag="008">770805s1939    vauabf       s000 0 eng c</controlfield>
  <datafield tag="010" ind1=" " ind2=" ">
    <subfield code="a">gs 40000271 </subfield>
  </datafield>
  <datafield tag="035" ind1=" " ind2=" ">
    <subfield code="a">(OCoLC)3163992</subfield>
  </datafield>
  <datafield tag="040" ind1=" " ind2=" ">
    <subfield code="a">U.S. Geol. survey.  Library</subfield>
    <subfield code="c">LNU</subfield>
    <subfield code="d">DLC</subfield>
  </datafield>
  <datafield tag="050" ind1="0" ind2="0">
    <subfield code="a">QE173</subfield>
    <subfield code="b">.A2 no. 51</subfield>
  </datafield>
  <datafield tag="110" ind1="2" ind2=" ">
    <subfield code="a">Virginia Geological Survey.</subfield>
  </datafield>
  <datafield tag="245" ind1="1" ind2="0">
    <subfield code="a">Contributions to Virginia geology--II.</subfield>
  </datafield>
  <datafield tag="260" ind1=" " ind2=" ">
    <subfield code="a">University, Va.,</subfield>
    <subfield code="c">1939.</subfield>
  </datafield>
  <datafield tag="300" ind1=" " ind2=" ">
    <subfield code="a">xi, 185 p. incl. illus., tables</subfield>
    <subfield code="b">26 pl. (incl. fold. maps, fold. diagr.)</subfield>
    <subfield code="c">23 cm.</subfield>
  </datafield>
  <datafield tag="490" ind1="0" ind2=" ">
    <subfield code="a">Bulletin 51</subfield>
  </datafield>
  <datafield tag="500" ind1=" " ind2=" ">
    <subfield code="a">At head of title: Commonwealth of Virginia.  Virginia conservation commission. Virginia Geological survey ...</subfield>
  </datafield>
  <datafield tag="500" ind1=" " ind2=" ">
    <subfield code="a">Each section has special t.-p. and contents.</subfield>
  </datafield>
  <datafield tag="505" ind1="0" ind2=" ">
    <subfield code="a">A. A southeastern limestone facies of lower Cambrian dolomite in Wythe and Carroll counties, Virginia, by G. W. Stose and A. I. Jonas.--B. Geology of Powell valley in northeastern Lee county, Virginia, by R. L Bates.--C. Ridge-making thin sandstone in Frederick county, Virginia, by R. S. Edmundson.--D. Varved slates in Fauquier county, Virginia, by L. R. Thiesmeyer.--E. Geology and artesian-water resources of a part of the southern Virginia coastal plain, by D. J. Cederstrom.--F. Notes on the Petersburg granite, by R. O. Bloomer.--G. Origin of the narrow Cambrian belts north of Draper mountain, Virginia, by B. N. Cooper.--H. Geology of Little North mountain in northern Virginia, by Charles Butts and R. S. Edmundson.</subfield>
  </datafield>
  <datafield tag="650" ind1=" " ind2="0">
    <subfield code="a">Geology</subfield>
    <subfield code="z">Virginia.</subfield>
  </datafield>
  <datafield tag="700" ind1="1" ind2=" ">
    <subfield code="a">Stose, George Willis,</subfield>
    <subfield code="d">1869-1960.</subfield>
  </datafield>
  <datafield tag="700" ind1="1" ind2=" ">
    <subfield code="a">Jonas, Anna I.</subfield>
    <subfield code="q">(Anna Isabel),</subfield>
    <subfield code="d">1881-</subfield>
  </datafield>
  <datafield tag="700" ind1="1" ind2=" ">
    <subfield code="a">Bates, Robert Latimer,</subfield>
    <subfield code="d">1912-</subfield>
  </datafield>
  <datafield tag="700" ind1="1" ind2=" ">
    <subfield code="a">Edmundson, Raymond Smith,</subfield>
    <subfield code="d">1908-</subfield>
  </datafield>
  <datafield tag="700" ind1="1" ind2=" ">
    <subfield code="a">Thiesmeyer, Lincoln R.</subfield>
    <subfield code="q">(Lincoln Reuber),</subfield>
    <subfield code="d">1908-</subfield>
  </datafield>
  <datafield tag="700" ind1="1" ind2=" ">
    <subfield code="a">Cederstrom, D. J.</subfield>
    <subfield code="q">(Dagfin John),</subfield>
    <subfield code="d">1908-1997.</subfield>
  </datafield>
  <datafield tag="700" ind1="1" ind2=" ">
    <subfield code="a">Bloomer, Robert O.</subfield>
    <subfield code="q">(Robert Oliver),</subfield>
    <subfield code="d">1912-</subfield>
  </datafield>
  <datafield tag="700" ind1="1" ind2=" ">
    <subfield code="a">Cooper, Byron Nelson,</subfield>
    <subfield code="d">1912-1971</subfield>
  </datafield>
  <datafield tag="700" ind1="1" ind2=" ">
    <subfield code="a">Butts, Charles,</subfield>
    <subfield code="d">1863-1946.</subfield>
  </datafield>
  <datafield tag="999" ind1=" " ind2=" ">
    <subfield code="c">27655</subfield>
    <subfield code="d">27655</subfield>
  </datafield>
</record>
